Central Library OPAC University of Rajshahi

The Chemical Weapons Convention with selective index / (Record no. 24371)

MARC details
000 -LEADER
fixed length control field 01083nam a2200325 a 4500
001 - CONTROL NUMBER
control field 24371
003 - CONTROL NUMBER IDENTIFIER
rucl marc code BD-RjUL
005 - DATE AND TIME OF LATEST TRANSACTION
control field 20211209001037.0
008 - FIXED-LENGTH DATA ELEMENTS--GENERAL INFORMATION
fixed length control field 140313s1994 nyu i001 0 eng d
020 ## - INTERNATIONAL STANDARD BOOK NUMBER
International Standard Book Number 9211422132
035 ## - SYSTEM CONTROL NUMBER
System control number (OCoLC)31734109
System control number (OCoLC)ocm31734109
System control number (BD-RjUL)24437
System control number (NNC)1537606
040 ## - CATALOGING SOURCE
Original cataloging agency SLU
Transcribing agency SLU
Language of cataloging eng
Modifying agency BD-RjUL
041 ## - LANGUAGE CODE
Language code of text/sound track or separate title eng
082 ## - DEWEY DECIMAL CLASSIFICATION NUMBER
Classification number 341.735
Author mark and year CHE 1994
245 14 - TITLE STATEMENT
Title The Chemical Weapons Convention with selective index /
Statement of responsibility, etc. United Nations Centre for Disarmament.
260 ## - PUBLICATION, DISTRIBUTION, ETC. (IMPRINT)
Place of publication, distribution, etc. New York :
Name of publisher, distributor, etc. United Nations,
Date of publication, distribution, etc. c1994.
300 ## - PHYSICAL DESCRIPTION
Pagination 208 p. ;
Size 29 cm.
500 ## - GENERAL NOTE
General note At head of title: United Nations, Centre for Disarmament Affairs.
General note "Disarmament."
General note Includes index.
General note "United Nations publication sales no. E.95.IX.2"--T.p. verso.
650 #0 - SUBJECT ADDED ENTRY--TOPICAL TERM
Topical term or geographic name as entry element Chemical warfare (International law)
9 (RLIN) 75030
Topical term or geographic name as entry element Chemical arms control.
9 (RLIN) 75031
Topical term or geographic name as entry element Chemical weapons disposal.
9 (RLIN) 75032
710 2# - ADDED ENTRY--CORPORATE NAME
Corporate name or jurisdiction name as entry element United Nations Centre for Disarmament.
9 (RLIN) 75033
942 ## - ADDED ENTRY ELEMENTS (KOHA)
Source of classification or shelving scheme Dewey Decimal Classification
Koha item type Books
Holdings
Lost status Source of classification or shelving scheme Damaged status Not for loan Collection code Permanent Location Current Location Shelving location Date acquired Source of acquisition Total Checkouts Full call number Date last seen Copy number Koha item type
  Dewey Decimal Classification   Added to bundle Non-fiction Central Library, University of Rajshahi Central Library, University of Rajshahi Reading Room 01/10/1995 Unesco   341.735 CHE 1994 13/03/2014 C-1 Books